Na zelenou přecházím /

Hlavní autor: Petrová, Eva, 1928-2012
Jazyk: Čeština
Vydáno: Praha : Akropolis, 1999
Vydání: V tomto souboru 1. vyd., sbírka Cesta oka 2.
Témata:
Fyzický popis: 117 s. : il. ; 22 cm
Knihy
Uloženo v:
LEADER 00949nam a2200289 a 4500
001 000456454
003 CZ BrMZK
005 20260311135915.0
007 ta
008 990315s1999 xr g p cze d
015 |a cnb000839020 
020 |a 80-85770-85-7 
035 |a (OCoLC)44526700 
040 |a BOA001  |b cze 
072 7 |x Česká poezie  |a 821.162.3-1  |2 Konspekt  |9 25 
080 |a 821.162.3-1  |2 MRF 
080 |a (0:82-1)  |2 MRF 
100 1 |a Petrová, Eva,  |d 1928-2012  |7 jk01092823  |4 aut  |4 ill 
245 1 0 |a Na zelenou přecházím /  |c Eva Petrová ; [kresby: Eva Petrová] 
250 |a V tomto souboru 1. vyd., sbírka Cesta oka 2. 
260 |a Praha :  |b Akropolis,  |c 1999 
300 |a 117 s. :  |b il. ;  |c 22 cm 
655 7 |a česká poezie  |7 fd133958  |2 czenas 
655 9 |a Czech poetry  |2 eczenas 
910 |a BOA001  |b 2-1067.296 
990 |a BK 
996 6 |b 2610106574  |c 2-1067.296  |l MZK  |r Sklad / do 1 hodiny  |n 1  |p p.v.  |w 000456454  |u 000010  |a 1  |e BOA001  |j MZK50  |s P